000 00579nam a2200229Ia 4500
003 OSt
005 20220928144055.0
006 a|||||r|||| 00| 0
007 ta
008 220927b |||||||| |||| 00| 0 eng d
024 _a24077
037 _cTextual
040 _aSDCL
_cSDCL
_beng
041 _2eng
_aeng
082 _aX:8F, L8
100 _aReynolds Isaac N
_9506755
245 0 _aElementary accounting
260 _c1978
700 _a Slavin Albert
_9506756
942 _hX:8F, L8
_cTEXL
_2CC
999 _c826002
_d826002